000 00628nas a2200217 4500
001 BR9503877
003 BR-BrBNA
005 20231205094400.0
007 ta
008 230509b bl.|||p| |||| 00| 00por d
040 _aBR-BrBNA
_bpor
_cBiblioteca Nacional de Agricultura
041 _a(Pt)
072 _aK10
100 1 _aCastro, W. de
245 1 _aDevastacao das florestas tropicais
650 _aFloresta Tropical
650 _aDesmatamento
773 0 _tLavoura Arrozeira (Brazil)
_xISSN 0023-9143
_g(Jul-Aug 1992), v. 45(403) p. 38-39
_wBR9503877
909 _a202311
_bLúcia
_c55
_dLúcia Elande
942 _2AGRIS
_n0
_cANA
999 _c143942
_d143942